000 00480nam a2200181Ia 4500
005 20250326123614.0
008 250326s9999 xx 000 0 und d
037 _aTextbook
040 _aFMSL
_beng
_cFMSL
041 _aeng
_2eng
084 _aB288 L6
_qFMSL
100 _aLee S M
_9735609
245 0 _aLinear optimization for management
_cLee S M
260 _aNY
_bNY, Petrocelli
_c1976
300 _a449p
942 _cTB
_hB288 L6
999 _c1270124
_d1270124